000 00718nam a2200241Ia 4500
003 OSt
005 20220918225321.0
006 a|||||r|||| 00| 0
007 ta
008 220917b |||||||| |||| 00| 0 eng d
024 _a239,884
037 _cTextual
040 _aARTS
_cARTS
_beng
041 _2eng
_aeng
082 _aO111,3:g(S:7), M4
100 _aChase Karen
_9150216
245 0 _aEros and psyche
_b The reperesentation of personality in Charlotte Bronte, Charles Dickens, and George Eliot
260 _aNew York
_bMethuen U.S.A
_c1984
300 _a213p.
_ccm.
650 _aENGLISH LITERATURE
942 _hO111,3:g(S:7), M4
_cTEXL
_2CC
999 _c284348
_d284348